000
00300nam a22001337a 4500
008
230704b xxu||||| |||| 00| 0 eng d
020
_a
0406946728
082
_a
340
_b
HAR
100
_c
Phil Harris
245
_a
An Introduction to Law
260
_b
Butterworths
300
_a
521p
942
_2
ddc
_c
BK
999
_c
3668
_d
3668